Metalworking, (Record no. 5400)
[ view plain ]
| 000 -LEADER | |
|---|---|
| fixed length control field | 00741nac a22002051u 4500 |
| 010 ## - LIBRARY OF CONGRESS CONTROL NUMBER | |
| LC control number | 48011214 |
| 035 ## - SYSTEM CONTROL NUMBER | |
| System control number | (OCoLC)1437744 |
| 082 ## - DEWEY DECIMAL CLASSIFICATION NUMBER | |
| Classification number | 621.9 |
| Item number | HAI |
| 090 ## - LOCALLY ASSIGNED LC-TYPE CALL NUMBER (OCLC); LOCAL CALL NUMBER (OCLC) | |
| -- | 5400 |
| -- | 5400 |
| 100 ## - MAIN ENTRY--PERSONAL NAME | |
| Personal name | Haines, Ray Edward. |
| 245 00 - TITLE STATEMENT | |
| Title | Metalworking, |
| Remainder of title | a handbook of tools, materials, methods and directions, |
| Statement of responsibility, etc | by Ray E. Haines and [others] |
| 260 ## - PUBLICATION, DISTRIBUTION, ETC. (IMPRINT) | |
| Place of publication, distribution, etc | New York, |
| Name of publisher, distributor, etc | D. Van Nostrand Co.[1948, 1945] |
| Date of publication, distribution, etc | [1948, c1945] |
| 300 ## - PHYSICAL DESCRIPTION | |
| Extent | vi, 153 p. |
| Other physical details | illus. |
| Dimensions | 22 cm. |
| 440 #4 - | |
| -- | The Home mechanic's library |
| 500 ## - GENERAL NOTE | |
| General note | Reprinted from the Home mechanic's handbook originally pub. in 1945. |
| 500 ## - GENERAL NOTE | |
| General note | distributer: Al-Ahram |
| 511 ## - PARTICIPANT OR PERFORMER NOTE | |
| Participant or performer note | catalogued by: wessam |
| 650 #0 - SUBJECT ADDED ENTRY--TOPICAL TERM | |
| Topical term or geographic name as entry element | Metal-work. |
| 942 ## - ADDED ENTRY ELEMENTS (KOHA) | |
| Item type | Book - Borrowing |
| Call number prefix | 621.9HAI |
| Withdrawn status | Item status | Damaged status | Not for loan | Home library | Current library | Shelving location | Date acquired | Source of acquisition | Total Checkouts | Full call number | Barcode | Date last seen | Koha item type |
|---|---|---|---|---|---|---|---|---|---|---|---|---|---|
| Central Library | Central Library | First floor | 25/10/2007 | Purchase | 621.9HAI | 000006704 | 15/07/2025 | Book - Borrowing |